Professional knowledge in music teacher education (Record no. 85924)

MARC details
000 -LEADER
fixed length control field 00802 a2200253 4500
003 - CONTROL NUMBER IDENTIFIER
control field CBULib
005 - DATE AND TIME OF LATEST TRANSACTION
control field 20250128081005.0
008 - FIXED-LENGTH DATA ELEMENTS--GENERAL INFORMATION
fixed length control field 250127b |||||||| |||| 00| 0 eng d
020 ## - INTERNATIONAL STANDARD BOOK NUMBER
International Standard Book Number 9781409441113
040 ## - CATALOGING SOURCE
Language of cataloging English
Transcribing agency CBULib
Description conventions rda
050 ## - LIBRARY OF CONGRESS CALL NUMBER
Classification number MT1.P76 Pro
100 ## - MAIN ENTRY--PERSONAL NAME
Personal name Georgii-Hemming, Eva
245 ## - TITLE STATEMENT
Title Professional knowledge in music teacher education
Statement of responsibility, etc / edited by Eva Georgii-Hemming
260 ## - PUBLICATION, DISTRIBUTION, ETC. (IMPRINT)
Name of publisher, distributor, etc Ashgate,
Date of publication, distribution, etc 2013
Place of publication, distribution, etc London :
300 ## - PHYSICAL DESCRIPTION
Extent xviii, 220 pages : illustrations
336 ## - CONTENT TYPE
Source rdacontent
Content type term Text |
Content type code txt
337 ## - MEDIA TYPE
Source rdamedia
Media type term Unmediated |
Media type code n
338 ## - CARRIER TYPE
Source rdacarrier
Carrier type term Volume
Carrier type code nc
500 ## - GENERAL NOTE
General note Includes index
650 #0 - SUBJECT ADDED ENTRY--TOPICAL TERM
9 (RLIN) 4274
Topical term or geographic name as entry element MUSIC - INSTRUCTION AND STUDY
700 ## - ADDED ENTRY--PERSONAL NAME
9 (RLIN) 4283
Personal name Burnad, Pamela
Relator term editor
700 ## - ADDED ENTRY--PERSONAL NAME
9 (RLIN) 4284
Personal name Holgersen, Sven-erik
Relator term editor
942 ## - ADDED ENTRY ELEMENTS (KOHA)
Source of classification or shelving scheme
Koha item type MONOGRAPH
Holdings
Withdrawn status Lost status Source of classification or shelving scheme Damaged status Not for loan Collection code Permanent Location Current Location Shelving location Date acquired Source of acquisition Cost, normal purchase price Total Checkouts Full call number Barcode Date last seen Price effective from Koha item type
          Main Library Open Access Collection CBU-MAIN LIBRARY, KITWE. CBU-MAIN LIBRARY, KITWE. General Stacks 01/27/2025 BOOK AID INTERNATIONAL 167.00   MT1.P76 Pro 753314 01/27/2025 01/27/2025 MONOGRAPH